Monthly statistics of international trade statistics/statistiques

Uložené v:
Podrobná bibliografia
Médium: Seriál
Jazyk:English
Vydavateľské údaje: Paris OECD 2002
Edícia:Statistics
Predmet:
Tagy: Pridať tag
Žiadne tagy, Buďte prvý, kto otaguje tento záznam!

MARC

LEADER 00000nas2a2200000 4500
001 0039377
005 20220316070431.3
022 |a 0256-1743 
041 0 |a eng 
044 |a FR 
245 1 0 |a Monthly statistics of international trade  |b statistics/statistiques 
264 1 |a Paris  |b OECD  |c 2002 
490 1 |a Statistics 
830 0 |a Statistics 
773 0 |w eu_un_cat*s124257 
610 2 0 |a obchod medzinárodný